1028 1399 1338 1520 1687 1669 1069 1483 1390 1802 1157 1650 1942 1555 1999 1028 1058 1940 1809 1984 1059 1238 1332 1187 1568 1464 1483 1611 1729 1459 1800 1755 1916 1255 1153 1220 1892 1341 1179 1947 1517 1474 1524 1424 1249 1980 1371 1908 1428 1010 1403 1793 1690 1518 1663 1618 1875 1179 1175 1652 1487 1474 1366 1143 1546 1375 1386 1243 1302 1946 1226 1145 1655 1501 1930 1255 1785 1273 1112 1945 1572 1606 1487 1033 1611 1756 1543 1939 1226 1028 1592 1572 1013 1526 1262 1783 1790 1791 1239 BCNSPRNW ULIB Ver.6.0+V

เปลี่ยนเป็นภาษาไทย

Change to English
 แสดงรายละเอียดบรรณานุกรม
  กลับหน้าหลัก

Brief Record : Get Marc (ISO 2709) : E-mail record : QR code < ปิดหน้าต่าง
LEADER : 00000nam 2200000uu 4500
001    13399126430
003     ULIB
008    180916s2561||||th 000 0 tha d
020    ^a9786164300521
050 00 ^aHF5439.5^bด53ว
100 1  ^aDiaGo, Mentalist
245 10 ^aวิชาอ่านใจให้อีกฝ่ายปฏิเสธไม่ลง /^cMentallist Daigo, เขียน ; ธนัญ พลแสน, แปล
260    ^aกรุงเทพฯ :^bเอ็มไอเอส,^c2561
300    ^a255 หน้า :^bภาพประกอบ
650  4 ^aนักขาย
650  4 ^aการขาย
945    ^p150^l0^i26632
999    ^aกัณชพร จุลอักษร
รายการนี้ยังไม่มีแท็ก
คุณยังไม่ได้ล็อกอิน คุณสามารถมีกิจกรรมร่วมกับเว็บไซต์ได้ แต่ต้องล็อกอินก่อน ::
  ล็อกอิน

รายการสื่อสารสนเทศ

ลำดับที่ ประเภท เลขเรียก/บาร์โค้ด สถานที่ สถานะ
1. วิทยาศาสตร์การแพทย์ และสุขภาพ
วิทยาศาสตร์การแพทย์ และสุขภาพ
HF5439.5 ด53ว ฉ.1 
  Barcode: 26632
ห้องสมุดวิทยาเขตนครสวรรค์
►หนังสือทั่วไป:l:General Books
บนชั้น

รายการใกล้เคียง
    ผู้แต่ง [DiaGo, Mentalist]

    หัวเรื่อง [นักขาย]
    หัวเรื่อง [การขาย]

BibComment


ยังไม่เคยถูกคอมเมนท์

คอมเมนท์ทรัพยากรรายการนี้
  คอมเมนท์: วิชาอ่านใจให้อีก..


 Copyright 2026. Bcnsprnw @Library